| 000 | 00878nam a2200277 a 4500 | ||
|---|---|---|---|
| 001 | 67518 | ||
| 003 | BD-RjUL | ||
| 005 | 20211209081650.0 | ||
| 008 | 170325s1992 nyua 001 0 eng | ||
| 020 | _a0471536547 | ||
| 035 | _a(BD-RjUL)67649 | ||
| 040 |
_aDLC _cDLC _dBD-RjUL _beng |
||
| 041 | _aeng | ||
| 082 | 0 | 0 |
_a621.367 _223 _bYUO 1992 |
| 100 | 1 |
_aYu, Francis T. S., _9200067 |
|
| 245 | 1 | 0 |
_aOptical signal processing, computing, and neural networks / _cFrancis T.S. Yu & Suganda Jutamulia. |
| 260 |
_aNew York : _bWiley, _cc1992. |
||
| 300 |
_axii, 419 p. : _bill. ; _c24 cm. |
||
| 500 | _aIncludes index | ||
| 650 | 0 |
_aNeural networks (Computer science) _9200069 |
|
| 650 | 0 |
_aComputers, Optical. _9200070 |
|
| 700 | 1 |
_aJutamulia, Suganda. _9200071 |
|
| 942 |
_2ddc _cBK |
||
| 999 |
_c67518 _d67518 |
||